[Event "AUTO-ADV-3493"]
[Site "http://www.queenalice.com/game.php?id=1419910"]
[Date "2016.4.26"]
[Round "3"]
[White "mobester"]
[Black "Paulsains"]
[Result "0-1"]
[WhiteElo "1850"]
[BlackElo "1925"]

1. d4 Nf6 2. e3 g6 3. Bd3 Bg7 4. a3 O-O 5. b4 d6 6. c3 b6 7. Qf3 d5 8. c4 Bb7 9.
Qg3 dxc4 10. Bxc4 Ne4 11. Qf3 Nd6 12. Bd5 c6 13. Bb3 c5 14. Bd5 Qc7 15. Nc3 Nc6
16. Nge2 cxd4 17. Nb5 Nxb5 18. Bb2 d3 19. Bxg7 Kxg7 20. Nf4 Ne5 21. Qe4 Qc3+ 22.
Kd1 Qxa1+ 23. Kd2 Qc3+ 24. Kd1 Qc2+ 25. Ke1 Qc1# 0-1

[Event "AUTO-ADV-3493"]
[Site "http://www.queenalice.com/game.php?id=1419911"]
[Date "2016.4.26"]
[Round "3"]
[White "areis"]
[Black "mobester"]
[Result "1-0"]
[WhiteElo "1975"]
[BlackElo "1804"]

1. d4 d5 2. Nf3 e6 3. Bf4 Bd6 4. Bxd6 Qxd6 5. c3 a6 6. e3 b5 7. a3 Nf6 8. Bd3
Bb7 9. Ne5 Nbd7 10. Nxd7 Qxd7 11. Nd2 c6 12. b4 Qd6 13. Nb3 O-O-O 14. Nc5 Ne4
15. Bxe4 dxe4 16. Nxe4 Qd5 17. f3 h6 18. O-O f5 19. Nc5 g5 20. Qe2 Rdg8 21. a4
bxa4 22. Rxa4 Rg7 23. Nxa6 Qb3 24. Qa2 Qxa2 25. Rxa2 h5 26. Nc5 Re8 27. Rfa1
Ree7 28. Nxb7 Kxb7 29. Kf2 Kb6 30. c4 Kb7 31. Ke2 Kc8 32. Ra8+ Kd7 33. Kd3 Kd6
34. R1a6 Kd7 35. Rb8 Kc7 36. Rbb6 e5 37. Rxc6+ Kd7 38. dxe5 Rxe5 39. b5 Ke8 40.
Re6+ Rxe6 41. Rxe6+ Kf7 42. Rc6 f4 43. Rc7+ Kf6 44. Rxg7 Kxg7 45. b6 fxe3 46. b7
e2 47. Kxe2 g4 48. b8=Q gxf3+ 49. Kxf3 h4 50. Qe5+ Kg6 51. Kg4 h3 52. Kxh3 Kf7
53. Kg4 Kg6 54. Qf5+ Kg7 55. Kg5 Kg8 56. Kg6 Kh8 57. Qf8# 1-0

[Event "AUTO-ADV-3493"]
[Site "http://www.queenalice.com/game.php?id=1419912"]
[Date "2016.4.26"]
[Round "3"]
[White "mobester"]
[Black "areis"]
[Result "0-1"]
[WhiteElo "1795"]
[BlackElo "1972"]

1. d4 Nf6 2. e3 d5 3. Bd3 e6 4. a3 c5 5. dxc5 Bxc5 6. b4 Be7 7. c3 O-O 8. Nf3
Nbd7 9. Bb2 a6 10. Nbd2 b5 11. Qc2 Bb7 12. Ng5 h6 13. Ngf3 Rc8 14. O-O-O Nb6 15.
Kb1 Nc4 16. Nxc4 bxc4 17. Be2 Qc7 18. h3 Ne4 19. Rdf1 Bf6 20. Nd4 Bxd4 21. exd4
Nf6 22. g3 Ne4 23. Rhg1 Bc6 24. f4 f5 25. Bc1 Qd7 26. Bd1 Kh8 27. g4 Qe8 28. g5
hxg5 29. fxg5 g6 30. h4 Kg7 31. Bb2 Rh8 32. Qh2 Qe7 33. Qf4 Qd6 34. Qxd6 Nxd6
35. Rh1 Ne4 36. Rh2 Nxg5 37. h5 Ne4 38. Rg1 g5 39. Kc2 Rh6 40. Bc1 Kf6 41. Rgg2
Ba4+ 42. Kb2 Bxd1 43. Rh1 Bf3 44. Rgh2 Bxh1 45. Rxh1 Rch8 46. Rh2 Rxh5 47. Rg2
Rh2 48. Rxh2 Rxh2+ 49. Ka1 Rc2 50. Bb2 Nxc3 51. Bxc3 Rxc3 52. Kb2 Rd3 53. a4
Rb3+ 54. Kc2 Rxb4 55. a5 g4 56. Kc3 Ra4 57. Kd2 Rxa5 58. Kc3 Rb5 59. Kd2 a5 60.
Kc3 a4 61. Kd2 a3 62. Kc3 a2 63. Kd2 a1=Q 64. Ke3 Rb3+ 65. Kd2 Qa2+ 66. Kc1 Rb1#
0-1

[Event "AUTO-ADV-3707"]
[Site "http://www.queenalice.com/game.php?id=1442457"]
[Date "2016.9.24"]
[Round "1"]
[White "Rasumichin"]
[Black "mobester"]
[Result "0-1"]
[WhiteElo "1673"]
[BlackElo "1818"]

1. e4 e5 2. Nf3 Nc6 3. a3 Bc5 4. Bc4 a6 5. Nc3 b5 6. Bd5 Bb7 7. d3 d6 8. O-O
Nge7 9. Bg5 f6 10. Bh4 Nxd5 11. Nxd5 Nd4 12. c3 c6 13. Ne3 Nxf3+ 14. Qxf3 Qd7
15. Qh5+ g6 16. Qf3 g5 17. Bg3 Qe6 18. b4 Bb6 19. Nf5 Qd7 20. Qh5+ Kd8 21. c4
Kc7 22. Rac1 bxc4 23. Rxc4 Raf8 24. a4 Kd8 25. a5 Ba7 26. Rfc1 d5 27. exd5 Qxf5
28. R1c3 cxd5 29. Rc7 Bd4 30. Rc1 Bb2 31. Rxb7 Bxc1 32. Qd1 Bf4 33. Qc2 Qc8 34.
Qxc8+ Kxc8 35. Ra7 Kb8 36. Rxa6 Bxg3 37. hxg3 d4 38. Rb6+ Kc7 39. g4 f5 40. f3
fxg4 41. fxg4 Rb8 42. Re6 Rxb4 43. a6 Rb5 44. Re7+ Kd6 45. Rg7 h6 46. a7 Kc5 47.
Kf2 Kb4 48. Ke2 Kc3 49. Rc7+ Kb4 50. Kd2 Ka5 51. Kc2 Ka6 52. Re7 Rb7 53. Rxe5
Kxa7 54. Rd5 Rb4 55. g3 Kb6 56. Rd6+ Kc5 57. Rf6 Rb5 58. Rf5+ Kb4 59. Rf1 h5 60.
Rh1 Rc5+ 61. Kd2 h4 62. Ke2 Rcc8 63. Rb1+ Ka3 64. Ra1+ Kb2 65. Rg1 h3 66. Kf3 h2
67. Rh1 Rc1 0-1

[Event "AUTO-ADV-3707"]
[Site "http://www.queenalice.com/game.php?id=1442458"]
[Date "2016.9.24"]
[Round "1"]
[White "mobester"]
[Black "Rasumichin"]
[Result "1-0"]
[WhiteElo "1822"]
[BlackElo "1698"]

1. d4 d5 2. e3 Nc6 3. Bd3 e5 4. dxe5 Nxe5 5. Bb5+ Bd7 6. Qxd5 Bd6 7. Bxd7+ Qxd7
8. Qxb7 Qc6 9. Qxc6+ Nxc6 10. Nf3 Nge7 11. O-O f6 12. a3 O-O 13. b4 Ne5 14. Nxe5
Bxe5 15. Ra2 Rad8 16. Bb2 Bxb2 17. Rxb2 Rd6 18. Nc3 Rfd8 19. Rbb1 Nf5 20. Nb5
Rc6 21. Rbc1 a6 22. e4 axb5 23. exf5 Re8 24. c3 Re5 25. g4 g6 26. fxg6 hxg6 27.
f3 g5 28. Kg2 Rd6 29. Rf2 c5 30. Ra2 c4 31. Rcc2 Rd3 32. a4 Kf7 33. a5 Re7 34.
a6 Rdd7 35. Ra5 Re5 36. a7 Rxa7 37. Rxa7+ Ke6 38. Kf2 f5 39. Re2 fxg4 40. Rxe5+
Kxe5 41. fxg4 Kf4 42. h3 Ke4 43. Rd7 Kf4 44. Rd4+ Ke5 45. Ke3 Kf6 46. Ke4 Ke6
47. Rd5 Kf6 48. Rxb5 Ke6 49. Rd5 Kf6 50. Rd6+ Kg7 51. Kf5 Kf7 52. Re6 Kg7 53.
Rf6 Kh7 54. Rg6 Kh8 55. Kf6 Kh7 56. Kf7 Kh8 57. Rh6# 1-0

[Event "AUTO-ADV-3707"]
[Site "http://www.queenalice.com/game.php?id=1442471"]
[Date "2016.9.24"]
[Round "1"]
[White "RafaelCabral"]
[Black "mobester"]
[Result "0-1"]
[WhiteElo "1989"]
[BlackElo "1809"]

1. e4 e5 2. Nf3 Nc6 3. Bb5 a6 4. Ba4 b5 5. Bb3 Bc5 6. c3 d6 7. d4 exd4 8. cxd4
Bb6 9. a4 b4 10. Qd3 a5 11. Bxf7+ Kxf7 12. Qc4+ Ke8 13. Bg5 Qd7 14. Nbd2 Ba6 15.
Qc2 Nge7 16. d5 Nd4 17. Nxd4 Bxd4 18. O-O-O Bxf2 19. Nf3 Bb6 20. e5 dxe5 21.
Nxe5 Qd6 22. Nc6 Nxc6 23. dxc6 Qc5 24. Rhe1+ Kf7 25. Rd7+ Kg8 26. Qxc5 Bxc5 27.
Rxc7 h6 28. Bf4 Rf8 29. g3 Bc8 30. Be5 Rh7 31. Rd1 Be3+ 32. Kb1 Bf5+ 33. Ka2
Be6+ 34. Ka1 g5 35. Rb7 Rxb7 36. cxb7 Ba7 37. Re1 Bd5 38. Bd6 Rf2 39. Bc5 Rf7
40. Bxa7 Rxb7 41. Bd4 Rc7 42. Bb6 Rc2 43. Bxa5 b3 44. Bc3 Rxh2 45. Kb1 Kf7 46.
a5 Kg6 47. a6 Rg2 48. Re3 Rg1+ 49. Be1 Kf5 50. a7 h5 51. Kc1 h4 52. gxh4 gxh4
53. Kd2 Rg8 54. Bxh4 Ra8 55. Re7 Bc4 56. Kc3 Be6 57. Bg3 Kf6 58. Rb7 Kf5 59. Bb8
Kf6 60. Kd4 Kf5 61. Kc5 Ke4 62. Re7 Kd3 63. Rxe6 Kc2 64. Re2+ Kd3 65. Rh2 Ke3
66. Kb6 Kd3 67. Kb7 Kc4 0-1

[Event "AUTO-ADV-3707"]
[Site "http://www.queenalice.com/game.php?id=1442472"]
[Date "2016.9.24"]
[Round "1"]
[White "mobester"]
[Black "RafaelCabral"]
[Result "0-1"]
[WhiteElo "1824"]
[BlackElo "2294"]

1. d4 Nf6 2. Nc3 e6 3. e3 b6 4. Bd3 Bb7 5. f3 Bb4 6. a3 Be7 7. b4 O-O 8. Nh3 d6
9. O-O Nbd7 10. Ne4 c5 11. b5 Rc8 12. c4 d5 13. Nxf6+ Nxf6 14. Bb2 dxc4 15. Bxc4
cxd4 16. Qa4 dxe3 17. Qxa7 Qc7 18. Bd4 Qxc4 19. Bxe3 Bc5 20. Qxb7 Rb8 21. Qa7
Ra8 22. Qc7 Bxe3+ 23. Kh1 Qxc7 24. Rfc1 Bxc1 25. Rxc1 Qxc1+ 26. Ng1 Rfd8 27. a4
Rd1 28. h3 Qe3 29. Kh2 Nh5 30. h4 Qf4+ 31. g3 Qxg3+ 32. Kh1 Rxg1# 0-1

[Event "AUTO-ADV-3707"]
[Site "http://www.queenalice.com/game.php?id=1442481"]
[Date "2016.9.24"]
[Round "1"]
[White "mobester"]
[Black "Canaye"]
[Result "1-0"]
[WhiteElo "1786"]
[BlackElo "1855"]

1. d4 e6 2. e3 d5 3. Bd3 c5 4. dxc5 Bxc5 5. a3 Ne7 6. b4 Bd6 7. Bb2 O-O 8. Ne2
Nbc6 9. O-O a6 10. Nd2 Ne5 11. Nf4 Nxd3 12. Nxd3 b5 13. Qg4 e5 14. Qg3 e4 15.
Qxg7# 1-0

[Event "AUTO-ADV-3707"]
[Site "http://www.queenalice.com/game.php?id=1442482"]
[Date "2016.9.24"]
[Round "1"]
[White "Canaye"]
[Black "mobester"]
[Result "0-1"]
[WhiteElo "1888"]
[BlackElo "1805"]

1. d4 d5 2. c4 dxc4 3. e3 Qd5 4. Qa4+ b5 5. Qd1 a6 6. Nc3 Qf5 7. e4 Qe6 8. Nf3
c6 9. Be2 Qg6 10. Kf1 e6 11. Ne5 Qf6 12. b3 cxb3 13. axb3 Bb7 14. Be3 Bd6 15. f4
Nh6 16. g3 Qe7 17. Rg1 Nd7 18. Nxd7 Qxd7 19. Kf2 O-O-O 20. Qd2 f6 21. f5 exf5
22. Bxh6 gxh6 23. Qd1 Kc7 24. d5 Bc5+ 25. Kg2 Bxg1 26. Kxg1 fxe4 27. d6+ Qxd6
28. Nxe4 Qe5 29. Qb1 f5 30. Nc3 Qxc3 31. Ra2 f4 32. Rc2 Qe3+ 33. Kf1 fxg3 34.
hxg3 Rhf8+ 35. Kg2 Rf2+ 36. Kh3 Bc8+ 37. Bg4 Bxg4+ 38. Kxg4 Qf3+ 39. Kh3 Qg2+
40. Kg4 Rg8+ 41. Kh5 Qh3# 0-1

[Event "AUTO-OPEN-3733"]
[Site "http://www.queenalice.com/game.php?id=1452360"]
[Date "2016.11.28"]
[Round "1"]
[White "mobester"]
[Black "maurice91"]
[Result "0-1"]
[WhiteElo "1827"]
[BlackElo "1804"]

1. d4 d5 2. e3 c5 3. dxc5 Nc6 4. a3 a5 5. a4 e5 6. Nc3 Be6 7. Bb5 Rc8 8. b3 Bxc5
9. Ba3 Bb4 10. Bxb4 axb4 11. Nce2 Ne7 12. a5 O-O 13. a6 bxa6 14. Bxa6 Rb8 15.
Ng3 h6 16. Nf3 Qc7 17. O-O Rfd8 18. Qc1 Nf5 19. Nxf5 Bxf5 20. c4 Qb6 21. cxd5
Rxd5 22. Bc4 Rc5 23. Qb2 Na5 24. Nxe5 Nxc4 25. Nxc4 Qg6 26. g3 Bd3 27. Rfd1 Bxc4
28. bxc4 Rxc4 29. Ra4 Rc2 30. Qb1 b3 31. Rc1 Qc6 32. Rxc2 Qxc2 33. Ra1 Kf8 34.
Kg2 Qc6+ 35. Kf1 b2 36. Ra2 Qh1+ 37. Ke2 Qxb1 38. Ra3 Qh1 39. h4 b1=Q 40. Rd3
Qh2 41. e4 Qc2+ 42. Rd2 Qxf2+ 43. Kxf2 Qxd2+ 44. Kf3 Rb3+ 45. Kg4 Qe3 46. Kf5
Qxg3 47. e5 Qxh4 48. e6 Rb5# 0-1

[Event "AUTO-OPEN-3733"]
[Site "http://www.queenalice.com/game.php?id=1452361"]
[Date "2016.11.28"]
[Round "1"]
[White "maurice91"]
[Black "mobester"]
[Result "1/2-1/2"]
[WhiteElo "1760"]
[BlackElo "1832"]

1. d4 d5 2. Bf4 e6 3. Nf3 Bd6 4. Bxd6 Qxd6 5. e3 a6 6. Nbd2 Nf6 7. Bd3 b5 8. O-O
c6 9. Re1 O-O 10. Qb1 Bb7 11. c3 Nbd7 12. Ng5 g6 13. f4 Rae8 14. Rf1 Ng4 15. Qe1
f5 16. Rf3 c5 17. Rh3 h6 18. Ngf3 c4 19. Bc2 h5 20. Ng5 a5 21. Rf3 a4 22. h3
Ngf6 23. a3 Nh7 24. Qg3 Nxg5 25. Qxg5 Nf6 26. Qxg6+ Kh8 27. Rg3 Qe7 28. Qh6+ Qh7
29. Qxh7+ Kxh7 30. Rf1 Kh6 31. Nf3 Ne4 32. Bxe4 dxe4 33. Ne5 Rf6 34. Rg5 Rd8 35.
h4 Bc8 36. Kh2 Rh8 37. Rh1 Rh7 38. Kg3 Rg7 39. Kf2 Bb7 40. Rh3 Rf8 41. Rhg3 Rxg5
42. hxg5+ Kg7 43. Rh3 Rh8 44. g3 Bc8 45. Ke2 Bb7 46. Nd7 Bc6 47. Nf6 Bb7 48.
Nxh5+ Kg6 49. g4 fxg4 50. f5+ exf5 51. Nf4+ Kg7 52. Rxh8 Kxh8 53. Kf2 Kh7 54.
Kg3 Bc8 55. Kh4 Bd7 56. Kg3 Be8 57. Kh4 Bf7 58. d5 Kg7 59. d6 Be8 60. Kg3 Kh7
61. g6+ Kg8 62. Ne6 Bd7 63. Nc5 Be8 64. d7 Bxd7 65. Nxd7 Kg7 66. Ne5 Kh6 67. Kf4
Kg7 68. Kxf5 g3 69. Kxe4 g2 70. Nf3 Kxg6 71. Kd4 Kh5 72. e4 Kg6 73. Kc5 Kf6 74.
e5+ Kf5 75. Kxb5 Kf4 76. Ng1 Kxe5 77. Kxc4 Ke4 78. Kb4 Ke3 79. c4 Kf2 80. Nh3+
Kg3 81. Ng1 Kf2 82. c5 Kxg1 83. c6 Kh2 84. c7 g1=Q 85. c8=Q Qd4+ 86. Ka5 Qxb2
87. Qc7+ Kg1 88. Qg3+ Kh1 89. Qh4+ Kg1 90. Qxa4 Kh2 91. Qb4 Qe5+ 92. Ka4 Qe8+
1/2-1/2

[Event "AUTO-OPEN-3733"]
[Site "http://www.queenalice.com/game.php?id=1452362"]
[Date "2016.11.28"]
[Round "1"]
[White "mobester"]
[Black "CharlyVince"]
[Result "1/2-1/2"]
[WhiteElo "1828"]
[BlackElo "1804"]

1. d4 d5 2. e3 Nf6 3. Bd3 e6 4. a3 c5 5. b3 cxd4 6. exd4 Bd7 7. c3 Nc6 8. b4 a6
9. Nf3 b5 10. Nbd2 Be7 11. Bb2 O-O 12. Qc2 g6 13. Ne5 Rc8 14. Qd1 Nh5 15. Nxd7
Qxd7 16. Qc2 Nf4 17. Bf1 Nxd4 18. Qd1 Nc6 19. g3 Nh5 20. Bd3 Ne5 21. Bc2 Rfd8
22. O-O Ng7 23. a4 Nc4 24. Nxc4 dxc4 25. Qxd7 Rxd7 26. axb5 axb5 27. Ra6 Nf5 28.
Be4 Rd2 29. Ba1 Bf6 30. Bc6 Rb8 31. Ra8 Rxa8 32. Bxa8 Nd6 33. Rc1 Kf8 34. Kf1
Ke7 35. Bf3 h5 36. Rb1 Rc2 37. Bd1 Rd2 1/2-1/2

[Event "AUTO-OPEN-3733"]
[Site "http://www.queenalice.com/game.php?id=1452363"]
[Date "2016.11.28"]
[Round "1"]
[White "CharlyVince"]
[Black "mobester"]
[Result "1-0"]
[WhiteElo "1755"]
[BlackElo "1828"]

1. Nf3 d5 2. d4 e6 3. e3 a6 4. c4 dxc4 5. Bxc4 b5 6. Be2 Bd6 7. Bd2 Nf6 8. a3 c6
9. b4 Bb7 10. Nc3 Nbd7 11. O-O Qc7 12. Rc1 Ng4 13. h3 Ngf6 14. Bd3 O-O 15. Ne4
Nxe4 16. Bxe4 Nf6 17. Bd3 g6 18. e4 Nd7 19. e5 Be7 20. Bh6 Rfd8 21. Ng5 a5 22.
Qf3 Bxg5 23. Bxg5 Rf8 24. Bxb5 Qb6 25. Be2 axb4 26. axb4 Qxd4 27. Rfd1 Qxe5 28.
Rxd7 Qxg5 29. Rc5 Qh6 30. Rxb7 Ra6 31. Bxa6 Qg7 32. Rxc6 Qa1+ 33. Kh2 Qe5+ 34.
g3 f5 35. Rcc7 h5 36. Rg7+ Kh8 37. Rh7+ Kg8 38. Rbg7+ Qxg7 39. Rxg7+ Kxg7 40.
Qc3+ Kh6 41. Qe3+ Kg7 42. Qxe6 Rf6 43. Qe5 Kf7 44. Qxf6+ Kxf6 45. b5 Ke6 46. b6
Kd7 47. b7 Kc7 48. f4 Kb8 49. h4 Kc7 50. Kg2 Kb8 51. Kf3 Kc7 52. Ke3 Kb8 53. Kd4
Kc7 54. Ke5 Kb8 55. Kf6 Kc7 56. Kxg6 Kb8 57. Kxf5 Kc7 58. Ke6 Kb8 59. f5 Kc7 60.
Ke7 Kb8 61. f6 Kc7 62. f7 Kb8 63. f8=Q+ Kc7 64. b8=Q+ Kc6 65. Qd6# 1-0

[Event "AUTO-OPEN-3733"]
[Site "http://www.queenalice.com/game.php?id=1452364"]
[Date "2016.11.28"]
[Round "1"]
[White "mobester"]
[Black "chessplayer123"]
[Result "0-1"]
[WhiteElo "1833"]
[BlackElo "1857"]

1. d4 d5 2. e3 Nf6 3. Bd3 e6 4. a3 c6 5. Nf3 Be7 6. b4 h6 7. Bb2 Nbd7 8. Nbd2
Nb6 9. c3 Bd7 10. Qc2 Qc7 11. Ne5 Bd6 12. Nxd7 Qxd7 13. Nf3 Nc4 14. Bc1 b5 15.
Nd2 e5 16. Nxc4 bxc4 17. Be2 e4 18. Bd2 Qc7 19. g3 a5 20. bxa5 Qxa5 21. a4 O-O
22. O-O Qd8 23. f4 c5 24. dxc5 Bxc5 25. Kg2 Re8 26. Rfb1 Qc8 27. a5 Ng4 28. h3
Nxe3+ 29. Bxe3 Bxe3 30. a6 Ba7 31. Rb7 Qc5 32. Ra4 Qf2+ 33. Kh1 Qxg3 34. Bg4
Qg1# 0-1

[Event "AUTO-OPEN-3733"]
[Site "http://www.queenalice.com/game.php?id=1452365"]
[Date "2016.11.28"]
[Round "1"]
[White "chessplayer123"]
[Black "mobester"]
[Result "0-1"]
[WhiteElo "1869"]
[BlackElo "1810"]

1. e4 e5 2. Nf3 Nc6 3. Bb5 a6 4. Ba4 b5 5. Bb3 Bc5 6. c3 d6 7. d3 Nce7 8. Qe2
Ng6 9. Be3 Bxe3 10. Qxe3 c5 11. c4 N8e7 12. Nbd2 b4 13. Nf1 Bb7 14. Ng3 f6 15.
Nf5 Nxf5 16. exf5 Nf4 17. Rg1 g6 18. fxg6 hxg6 19. O-O-O Qc7 20. h3 O-O-O 21.
Kb1 g5 22. Ka1 a5 23. Ba4 Bc6 24. Bxc6 Qxc6 25. Rd2 Kb7 26. Qe4 Qxe4 27. dxe4
Kc6 28. Rgd1 Nxg2 29. Rg1 Nh4 30. Nxh4 Rxh4 31. Re2 Rxh3 32. Kb1 a4 33. Rd1 Rf3
34. Rh1 g4 35. Rh7 Rg8 36. Ra7 a3 37. Rd2 axb2 38. Kxb2 g3 39. fxg3 Rgxg3 40.
Ra6+ Kc7 41. Raxd6 b3 42. a4 f5 43. exf5 Rxf5 44. Rd7+ Kb6 45. R7d5 Rgf3 46.
Rd6+ Ka5 47. R6d5 Kb4 48. a5 Kxa5 49. Rxc5+ Kb4 50. Rb5+ Kxc4 51. Rb8 e4 52.
Rc8+ Kb5 53. Rb8+ Kc4 54. Rc8+ Kb5 55. Rb8+ Kc5 56. Rc8+ Kb6 57. Rc3 Rxc3 58.
Kxc3 Rf3+ 59. Kb2 e3 60. Rd6+ Kc5 61. Re6 Kd5 62. Re8 Rf2+ 63. Kxb3 Kd4 64. Rd8+
Ke4 65. Re8+ Kd3 66. Rd8+ Ke2 67. Kc3 Ke1 68. Kd3 Rd2+ 0-1

[Event "AUTO-ADV-3834"]
[Site "http://www.queenalice.com/game.php?id=1478113"]
[Date "2017.5.14"]
[Round "1"]
[White "mobester"]
[Black "The_Clown"]
[Result "0-1"]
[WhiteElo "1800"]
[BlackElo "1774"]

1. d4 d5 2. e3 Nf6 3. Bd3 c5 4. dxc5 e5 5. b4 e4 6. Bb5+ Bd7 7. Nc3 Bxb5 8. Nxb5
Nc6 9. Bb2 Be7 10. Ne2 Nxb4 11. Qd4 Nxc2+ 12. Kd2 Nxd4 13. Nexd4 Bxc5 14. Ke2
O-O 15. h3 a6 16. Nc3 Bxd4 17. Rhd1 Bxc3 18. Bxc3 b5 19. Kf1 a5 20. Bd4 b4 21.
Rdc1 Rc8 22. Rd1 Re8 23. Kg1 Qd7 24. Kf1 Qd6 25. Kg1 h6 26. g3 g5 27. Kg2 h5 28.
h4 gxh4 29. gxh4 Ng4 30. Rh1 Rc2 31. Kg1 Rxf2 32. Rc1 Qg3# 0-1

[Event "AUTO-ADV-3834"]
[Site "http://www.queenalice.com/game.php?id=1478114"]
[Date "2017.5.14"]
[Round "1"]
[White "The_Clown"]
[Black "mobester"]
[Result "1-0"]
[WhiteElo "1755"]
[BlackElo "1819"]

1. d4 d5 2. Bf4 e6 3. Nf3 Bd6 4. Bxd6 Qxd6 5. Nc3 a6 6. e4 dxe4 7. Nxe4 Qd5 8.
Qd3 f5 9. Nc3 Qd6 10. O-O-O Nc6 11. d5 Nb4 12. Qe3 Ne7 13. dxe6 Qc6 14. Nd4 Qc5
15. Kb1 b5 16. a3 Nbd5 17. Nxd5 Qxd5 18. Be2 g6 19. Bf3 Qc4 20. Bxa8 O-O 21. h4
c6 22. h5 Rf6 23. h6 Bxe6 24. Qe5 Qa2+ 25. Kc1 Kf7 26. Rhe1 Ng8 27. Nxe6 Rxe6
28. Qg7+ Ke8 29. Qxg8+ Ke7 30. Qd8+ Kf7 31. Rd7+ Re7 32. Qxe7+ Kg8 33. Rd8# 1-0

[Event "AUTO-ADV-3834"]
[Site "http://www.queenalice.com/game.php?id=1478115"]
[Date "2017.5.14"]
[Round "1"]
[White "mobester"]
[Black "TenebrousWit"]
[Result "0-1"]
[WhiteElo "1768"]
[BlackElo "1839"]

1. d4 d5 2. e3 e6 3. Bd3 Nf6 4. a3 Be7 5. b4 c6 6. Nf3 Nbd7 7. c3 O-O 8. Bb2 h6
9. Nbd2 Re8 10. Qc2 b5 11. a4 bxa4 12. Qxa4 Qc7 13. O-O Bb7 14. Qb3 Bf8 15. b5
Rab8 16. Rxa7 Qb6 17. Raa1 c5 18. c4 Ba8 19. Ne5 Nxe5 20. dxe5 Qb7 21. f4 dxc4
22. Be4 Nxe4 23. Qc2 c3 24. Bxc3 Nxc3 25. Rf2 Nd5 26. e4 Nb4 27. Qc4 Qxb5 28.
Qxb5 Rxb5 29. f5 Nd3 30. Rf3 Nxe5 31. Rf4 Rd8 32. fxe6 fxe6 33. g4 Rbb8 34. Ra5
Rxd2 35. Ra3 c4 36. h3 Bxa3 37. Kf1 Rb1# 0-1

[Event "AUTO-ADV-3834"]
[Site "http://www.queenalice.com/game.php?id=1478116"]
[Date "2017.5.14"]
[Round "1"]
[White "TenebrousWit"]
[Black "mobester"]
[Result "1-0"]
[WhiteElo "1890"]
[BlackElo "1833"]

1. e4 e5 2. Nf3 Nc6 3. d4 exd4 4. Nxd4 Ne5 5. Nc3 c6 6. g3 Bc5 7. Bg2 Nf6 8. O-O
a6 9. b3 b5 10. h3 Bb7 11. Bb2 Qe7 12. Nf5 Qf8 13. Nxb5 axb5 14. Bxe5 Rd8 15.
Bd6 Bxd6 16. Nxd6+ Ke7 17. Nxb7 Ra8 18. Qd6+ Ke8 19. e5 g6 20. Qxf6 h5 21. Nd6+
Qxd6 22. exd6 Rg8 23. Qe7# 1-0

[Event "AUTO-ADV-3834"]
[Site "http://www.queenalice.com/game.php?id=1478117"]
[Date "2017.5.14"]
[Round "1"]
[White "mobester"]
[Black "pawnforme"]
[Result "0-1"]
[WhiteElo "1775"]
[BlackElo "1996"]

1. d4 d5 2. e3 c6 3. Bd3 Nf6 4. Nf3 e6 5. a3 Be7 6. b4 O-O 7. Bb2 a5 8. c3 Nbd7
9. Nbd2 axb4 10. cxb4 Bd6 11. O-O b6 12. Qc2 Bb7 13. Ng5 g6 14. e4 dxe4 15.
Ndxe4 Be7 16. f4 Nd5 17. Rf3 Qb8 18. Nc3 Nxf4 19. Raf1 Bxg5 20. R1f2 Nxd3 21.
Rxd3 Be7 22. Ne4 Qd8 23. Qc3 f5 24. Ng3 Bf6 25. Qb3 Kg7 26. Qxe6 Re8 27. Qd6 Nf8
28. Qf4 Re1+ 29. Rf1 Rxf1+ 30. Nxf1 Ne6 31. Qd2 Ba6 32. Rg3 Bxf1 33. Kxf1 c5 34.
bxc5 bxc5 35. d5 Nf8 36. Bxf6+ Qxf6 37. d6 Rd8 38. Qa5 Qxd6 39. Qc3+ Kg8 40. Rd3
Qxd3+ 41. Qxd3 Rxd3 42. a4 c4 43. Ke2 Nd7 44. a5 Nc5 45. h3 g5 46. Kf1 c3 47.
Ke2 c2 48. g3 c1=Q 49. a6 Qc2+ 50. Ke1 Rd1# 0-1

[Event "AUTO-ADV-3834"]
[Site "http://www.queenalice.com/game.php?id=1478118"]
[Date "2017.5.14"]
[Round "1"]
[White "pawnforme"]
[Black "mobester"]
[Result "1-0"]
[WhiteElo "1988"]
[BlackElo "1783"]

1. c4 c6 2. Nc3 d5 3. cxd5 cxd5 4. d4 a6 5. Nf3 b5 6. a3 e6 7. e3 Bd7 8. Be2 Bc6
9. O-O Bd6 10. Bd2 Nf6 11. Rc1 Qb6 12. Bd3 O-O 13. Ne2 a5 14. Ng3 Nbd7 15. Re1
Ng4 16. Qc2 Rac8 17. Bxh7+ Kh8 18. Bd3 g6 19. Qb1 f5 20. h3 Ngf6 21. Bc3 a4 22.
Ne2 Rce8 23. Ne5 Rg8 24. Nf7+ Kg7 25. Nxd6 Re7 26. Bb4 Nb8 27. Nxf5+ exf5 28.
Bxe7 Re8 29. Bxf6+ Kxf6 30. Nc3 Nd7 31. Be2 Kg7 32. Bf3 Nf6 33. Na2 Ne4 34. Bxe4
dxe4 35. Rc5 Kf6 36. Rec1 Bb7 37. Nb4 Re7 38. Nc6 Rc7 39. d5 g5 40. Qc2 Kg6 41.
Nd4 Rd7 42. Rxb5 Qa7 43. Nc6 Ba6 44. Nxa7 Bxb5 45. Nxb5 Rxd5 46. Qc6+ Kh5 47.
Qxd5 Kg6 48. Nd6 Kf6 49. Qf7+ Ke5 50. Nxf5 g4 51. Rc5# 1-0